000 01875nam0a2200349 4500
001 RU\NLR\BIBL_A\022734527
005 20260426080653.0
010 _a978-5-00270-390-6
_9500
021 _aRU
_bКН-П-25-079990
_9КН-П-25-7754
035 _a(NLR Aleph) 022734527
090 _a13696854
_c13696854
100 _a20260220d2026 k y0rusy50 ca
101 0 _arus
102 _aRU
105 _aa j 000zy
181 0 _ai3
_baxxe
182 0 _an
200 1 _aПсихология образовательной среды в условиях цифровой трансформации общества: современные формы и методы самостоятельной работы студентов
_eучебное пособие
_fЕ. С. Кузнецова, С. Н. Морозюк
203 _aТекст
_bвизуальный
_cнепосредственный
210 _aМосква
_cПеро
_d2026 (печ. 2025)
215 _a156 с.
_cил.
_d21
300 _aПеред вып. дан и на 4-й с. обл. авт.: Кузнецова Е. С., канд. психол. наук, Морозюк С. Н., д-р психол. наук, проф.
320 _aБиблиогр.: с. 134-135 (24 назв.)
606 1 _aПсихология
_jУчебные издания для высших учебных заведений
_xСамостоятельная работа студентов
_92706133
_3RU\NLR\AUTH\6601769521
686 1 _aЧ486.61-267я73
686 1 _aЮ93я73
700 1 _7ca
_8rus
_aКузнецова
_bЕ. С.
_cканд. психол. наук
_gЕлена Сергеевна
_9261872
_3RU\NLR\AUTH\770261928
701 1 _aМорозюк
_bС. Н.
_gСветлана Николаевна
942 _cBOOK
980 _aNB